Wszyscy zawodnicy All Rounders in Stobierna 2023 - Statystyki

Ogólne statystyki
  • Ten quiz został rozwiązany 6 razy
  • Średni wynik to 22 z 29
Statystyki odpowiedzi
Speedcuber % Poprawnych
Kacper Paweł Dworak
100%
Maksymilian Kulas
100%
Marta Radziwanowska
100%
Mateusz Kotwica
100%
Piotr Olszewski
100%
Przemysław Rogalski
100%
Radomił Baran
100%
Radosław Marcinek
100%
Sebastian Nowicki
100%
Eryk Kasperek
80%
Igor Tarasov
80%
Jakub Lorens
80%
Karol Dworak
80%
Karol Zakrzewski
80%
Maciej Skowroński
80%
Maksymilian Gala
80%
Marcel Politowicz
80%
Patryk Milewczyk
80%
Szymon Ciepiela
80%
Tomasz Stawowy
80%
Jakub Turczyk
60%
Krystian Fiołek
60%
Szymon Brzana
60%
Grzegorz Makuch
40%
Kinga Bednarska
40%
Leonard Boldizsár
40%
Mateusz Otto
40%
Stanisław Pelczar
40%
Szymon Jaworski
40%
Nie znaleziono quizów pasujących do podanych kryteriów
Rozkład punktacji
Procent ludzi z każdym wynikiem
Percentyl według liczby udzielonych odpowiedzi
Twoja historia wyników
Nie rozwiązałeś tego quizu